[Event "Szolnok op"]
[Site "Szolnok"]
[Date "2022.06.16"]
[Round "2"]
[White "Gazsovics, Bela"]
[Black "Ondok, Matyas"]
[Result "0-1"]
[WhiteElo "1593"]
[BlackElo "1385"]
[PlyCount "48"]
[EventDate "2022.06.16"]
[EventType "swiss"]
[EventRounds "7"]
[EventCountry "HUN"]
[SourceTitle "CBM 209 Extra"]
[Source "ChessBase"]
[SourceDate "2022.09.30"]
[SourceVersion "1"]
[SourceVersionDate "2022.09.30"]
[SourceQuality "1"]

1. d4 d5 2. Bf4 Nf6 3. Nf3 e6 4. Nbd2 c5 5. e3 cxd4 6. exd4 Nc6 7. c3 Bd6 8. Be3 0-0 9. Qc2 Qc7 10. Bd3 Bd7 11. Bg5 Ne4 12. Nxe4 dxe4 13. Bxe4 h6 14. Be3 Rac8 15. a3 b5 16. Qd2 f5 17. Bxc6 Bxc6 18. Qe2 a5 19. g3 Qb7 20. Bf4 Bxf4 21. gxf4 Bxf3 22. Qxe6+ Kh7 23. Kd2 Bxh1 24. Rg1 Rc6 0-1

[Event "Budapest Rakosmente op 19th"]
[Site "Budapest"]
[Date "2021.07.03"]
[Round "4"]
[White "Szabo, A Martin"]
[Black "Gazsovics, Bela"]
[Result "1-0"]
[WhiteElo "1832"]
[BlackElo "1621"]
[PlyCount "55"]
[EventDate "2021.07.01"]
[EventType "swiss"]
[EventRounds "6"]
[EventCountry "HUN"]
[SourceTitle "CBM 203 Extra"]
[Source "ChessBase"]
[SourceDate "2021.09.30"]
[SourceVersion "1"]
[SourceVersionDate "2021.09.30"]
[SourceQuality "1"]

1. c4 e5 2. Nc3 f5 3. d4 e4 4. Nh3 Nf6 5. Bg5 Be7 6. e3 0-0 7. Be2 d6 8. Nf4 c6 9. Rg1 Ng4 10. Bxe7 Qxe7 11. h3 Nf6 12. g4 fxg4 13. hxg4 g5 14. Nh5 Nxh5 15. gxh5 h6 16. Bg4 Nd7 17. Bxd7 Bxd7 18. Qb3 Be6 19. Nxe4 Bxc4 20. Qc2 Bf7 21. Ng3 d5 22. Nf5 Qf6 23. f4 Bxh5 24. Nxh6+ Qxh6 25. Rxg5+ Kh8 26. Qh2 Rg8 27. Rxh5 Rg1+ 28. Kf2 1-0

[Event "HUN-chT2 Toth 1112"]
[Site "Hungary"]
[Date "2012.02.19"]
[Round "6.8"]
[White "Tornyai, Jeno"]
[Black "Gazsovics, Bela"]
[Result "1-0"]
[WhiteElo "1973"]
[BlackElo "1809"]
[PlyCount "79"]
[EventDate "2011.09.25"]
[EventType "team-tourn"]
[EventRounds "11"]
[EventCountry "HUN"]
[SourceTitle "EXT 2013"]
[Source "ChessBase"]
[SourceDate "2012.11.22"]
[SourceVersion "1"]
[SourceVersionDate "2012.11.22"]
[SourceQuality "1"]
[WhiteTeam "Maroczy II"]
[BlackTeam "Keviterv"]
[WhiteTeamCountry "HUN"]
[BlackTeamCountry "HUN"]

1. d4 Nf6 2. Nc3 d5 3. Bg5 Ne4 4. Nxe4 dxe4 5. e3 c6 6. c3 h6 7. Bh4 g5 8. Bg3 Bg7 9. Bc4 Qb6 10. b4 Bf5 11. f3 Nd7 12. h4 gxh4 13. Bxh4 Qc7 14. Qb3 Rf8 15. Ne2 Nb6 16. Ng3 Bg6 17. Nxe4 Bxe4 18. fxe4 Bf6 19. e5 Bxh4+ 20. Rxh4 Nxc4 21. Qxc4 Rh8 22. 0-0-0 e6 23. Rdh1 0-0-0 24. Rxh6 Rhg8 25. Qf1 Qe7 26. Rf6 Rg7 27. Qf3 Rdg8 28. Rg1 Kd8 29. g4 Ke8 30. Kb2 a6 31. Kb3 Kd7 32. a4 Kc7 33. g5 Qd7 34. Rf1 Kb6 35. Rxf7 Qd8 36. a5+ Ka7 37. Qxc6 Qd5+ 38. Qxd5 exd5 39. Rxg7 Rxg7 40. e6 1-0

[Event "HUN-chT2 Toth 1112"]
[Site "Hungary"]
[Date "2011.11.13"]
[Round "3.9"]
[White "Gazsovics, Bela"]
[Black "Botta, Tibor"]
[Result "0-1"]
[WhiteElo "1809"]
[BlackElo "1942"]
[PlyCount "112"]
[EventDate "2011.09.25"]
[EventType "team-tourn"]
[EventRounds "11"]
[EventCountry "HUN"]
[SourceTitle "EXT 2013"]
[Source "ChessBase"]
[SourceDate "2012.11.22"]
[SourceVersion "1"]
[SourceVersionDate "2012.11.22"]
[SourceQuality "1"]
[WhiteTeam "Keviterv"]
[BlackTeam "Takisz"]
[WhiteTeamCountry "HUN"]
[BlackTeamCountry "HUN"]

1. f4 d5 2. Nf3 c5 3. e3 Nc6 4. Bb5 Bd7 5. b3 a6 6. Bxc6 Bxc6 7. 0-0 Nf6 8. Bb2 e6 9. d3 b5 10. Nbd2 Rc8 11. Ne5 d4 12. e4 Nd7 13. Nxc6 Rxc6 14. Qg4 h5 15. Qg3 h4 16. Qh3 e5 17. fxe5 Nxe5 18. Nf3 Nxf3+ 19. Rxf3 Qc8 20. Rf5 Be7 21. Qf3 Rf6 22. Rf1 Rxf5 23. exf5 0-0 24. Bc1 Bf6 25. g4 hxg3 26. hxg3 Qd8 27. Qh5 Qd6 28. Kg2 Qd5+ 29. Kh2 Re8 30. Bf4 c4 31. Qg4 cxb3 32. axb3 Qc6 33. Qd1 Rc8 34. Rf2 a5 35. g4 Bh4 36. Re2 f6 37. Kh3 Qf3+ 38. Kxh4 Qxf4 39. Qe1 Kh7 40. Rf2 Qc7 41. Qd2 Qc6 42. Qxa5 Qh1+ 43. Kg3 Qg1+ 44. Rg2 Qe3+ 45. Kh2 Qf4+ 46. Kh3 Re8 47. Rg3 Qf1+ 48. Rg2 Re2 49. Qa8 Re3+ 50. Kh2 Qf4+ 51. Kh1 Rh3+ 52. Kg1 Qc1+ 53. Kf2 Qxc2+ 54. Kg1 Qd1+ 55. Kf2 Qd2+ 56. Kg1 Qe1# 0-1

[Event "HUN-chT2 Toth 1112"]
[Site "Hungary"]
[Date "2011.10.30"]
[Round "2.10"]
[White "Gazsovics, Bela"]
[Black "Molnar, Jozsef"]
[Result "1-0"]
[WhiteElo "1809"]
[BlackElo "1756"]
[PlyCount "90"]
[EventDate "2011.09.25"]
[EventType "team-tourn"]
[EventRounds "11"]
[EventCountry "HUN"]
[SourceTitle "EXT 2013"]
[Source "ChessBase"]
[SourceDate "2012.11.22"]
[SourceVersion "1"]
[SourceVersionDate "2012.11.22"]
[SourceQuality "1"]
[WhiteTeam "Keviterv"]
[BlackTeam "Abony"]
[WhiteTeamCountry "HUN"]
[BlackTeamCountry "HUN"]

1. f4 d5 2. Nf3 Nf6 3. e3 Nc6 4. Bb5 Bd7 5. 0-0 a6 6. Bxc6 Bxc6 7. b3 e6 8. Bb2 Be7 9. d3 0-0 10. Nbd2 Nd7 11. Rb1 f6 12. Nd4 Re8 13. Nxe6 Qc8 14. Qg4 Bf8 15. f5 Re7 16. Ba3 Rf7 17. Bb2 Bd6 18. Nf3 Qe8 19. Rbe1 Qe7 20. h4 Re8 21. h5 Nf8 22. Nfd4 Bd7 23. Nf4 c5 24. Nf3 Qd8 25. Nxd5 Bc6 26. Nf4 Kh8 27. e4 Be5 28. Bxe5 fxe5 29. Nh3 b5 30. Nhg5 Rf6 31. Nh4 Qd7 32. Rf3 Qe7 33. Ref1 Bd7 34. Rh3 h6 35. Qg3 hxg5 36. Qxg5 Qf7 37. Ng6+ Kg8 38. Rff3 Bxf5 39. exf5 e4 40. dxe4 Rxe4 41. h6 Nh7 42. Qh5 Qd7 43. hxg7 Qd1+ 44. Kh2 Qd6+ 45. Rfg3 Rxg6 1-0

[Event "HUN-chT2 Toth 1011"]
[Site "Hungary"]
[Date "2010.11.07"]
[Round "5.11"]
[White "Horvath, Adam2222"]
[Black "Gazsovics, Bela"]
[Result "0-1"]
[WhiteElo "120"]
[BlackElo "1767"]
[PlyCount "76"]
[EventDate "2010.09.12"]
[EventType "team-tourn"]
[EventRounds "11"]
[EventCountry "HUN"]
[SourceTitle "EXT 2012"]
[Source "ChessBase"]
[SourceDate "2011.11.24"]
[SourceVersion "1"]
[SourceVersionDate "2011.11.24"]
[SourceQuality "1"]
[WhiteTeam "Csongrad Felegyhaza"]
[BlackTeam "Szolnok"]
[WhiteTeamCountry "HUN"]
[BlackTeamCountry "HUN"]

1. d4 Nf6 2. c4 e5 3. d5 Bc5 4. Nc3 a6 5. e3 d6 6. Bd3 0-0 7. Nge2 Nbd7 8. 0-0 Re8 9. Ng3 Nf8 10. Nce4 Nxe4 11. Nxe4 Ba7 12. b3 f5 13. Ng3 e4 14. Be2 Qf6 15. Qc2 Ng6 16. Bb2 Ne5 17. Qc3 g6 18. Kh1 h5 19. Bd1 Bd7 20. f4 exf3 21. gxf3 Kf7 22. e4 h4 23. f4 hxg3 24. fxe5 dxe5 25. Qxg3 f4 26. Qg2 Rh8 27. Bg4 Rxh2+ 28. Qxh2 Rh8 29. Bxd7 Rxh2+ 30. Kxh2 Qh4+ 31. Kg2 Qg3+ 32. Kh1 f3 33. Be6+ Ke7 34. Ba3+ Kf6 35. Rxf3+ Qxf3+ 36. Kh2 Qe2+ 37. Kg3 Be3 38. Bg4 Bf4+ 0-1

[Event "HUN-chT2 Toth 1011"]
[Site "Hungary"]
[Date "2010.10.24"]
[Round "4.9"]
[White "Gazsovics, Bela"]
[Black "Banyai, Istvan"]
[Result "1/2-1/2"]
[WhiteElo "1767"]
[BlackElo "1990"]
[PlyCount "103"]
[EventDate "2010.09.12"]
[EventType "team-tourn"]
[EventRounds "11"]
[EventCountry "HUN"]
[SourceTitle "EXT 2012"]
[Source "ChessBase"]
[SourceDate "2011.11.24"]
[SourceVersion "1"]
[SourceVersionDate "2011.11.24"]
[SourceQuality "1"]
[WhiteTeam "Szolnok"]
[BlackTeam "Gyula"]
[WhiteTeamCountry "HUN"]
[BlackTeamCountry "HUN"]

1. f4 c5 2. Nf3 e6 3. e3 Nc6 4. b3 d5 5. Bb2 Nf6 6. Bb5 Bd7 7. 0-0 Be7 8. d3 0-0 9. Nbd2 a6 10. Bxc6 Bxc6 11. Ne5 a5 12. a4 Qc7 13. Ndf3 Nd7 14. Qe1 f6 15. Nxc6 Qxc6 16. Ba3 Rfe8 17. Qh4 Rac8 18. Qg4 f5 19. Qh3 Bf6 20. Rab1 d4 21. Bb2 dxe3 22. Bxf6 Nxf6 23. Ne5 Qd5 24. Qxe3 Qd4 25. Qxd4 cxd4 26. Nc4 Re7 27. Rfe1 Nd5 28. g3 b6 29. Re5 Rc6 30. Rbe1 Kf8 31. h3 g6 32. Kf2 h6 33. Kf3 Nc3 34. g4 Nd5 35. R1e2 Nc3 36. Rg2 Rg7 37. h4 h5 38. gxh5 gxh5 39. Rg5 Rxg5 40. hxg5 Nd5 41. Re2 Nb4 42. Rh2 Kg7 43. Rxh5 Nxc2 44. Rh2 Nb4 45. Ke2 Nd5 46. Rh4 Ne7 47. Rh6 Ng8 48. Rh2 Ne7 49. Kf3 Nd5 50. Rc2 Nb4 51. Rd2 Na6 52. Rc2 1/2-1/2